00298nam a2200121Ia 4500008004100000100002700041245002500068260003000093300000900123650002000132942000700152999001700159190216s9999||||xx |||||||||||||| ||und|| aMuhammod Hussain Hical 4aThe Life Of Muhammad bCrescent Publishingc1976 a632p aIslamic History cBK c22170d22170